Name A Seven-Letter Country A-Z - Statistics

General Stats
  • This quiz has been taken 109 times
  • The average score is 16 of 18
Answer Stats
Letter Country % Correct
A Albania | Algeria | Andorra | Armenia | Austria
98%
B Bahamas | Bahrain | Belarus | Belgium | Bolivia | Burundi
98%
G Georgia | Germany | Grenada
96%
E Ecuador | Eritrea | Estonia
95%
U Ukraine | Uruguay
95%
V Vanuatu | Vietnam
95%
D Denmark
94%
F Finland
94%
I Iceland | Ireland
92%
H Hungary
90%
J Jamaica
90%
L Lebanon | Lesotho | Liberia
90%
C Comoros | Croatia
89%
N Namibia | Nigeria
89%
R Romania
87%
M Moldova | Morocco | Myanmar
86%
S Senegal | Somalia
78%
T Tunisia
69%
No matching quizzes found
Score Distribution
Percent of People with Each Score
Percentile by Number Answered
Your Score History
You have not taken this quiz